| 000 | 00430nam a2200181 a 4500 | ||
|---|---|---|---|
| 001 | 2888 | ||
| 003 | CO-ViMGA | ||
| 008 | 141112s2004 ck r 000 u spa d | ||
| 040 |
_aCO-ViMGA _bspa _cCO-ViMGA |
||
| 082 | 0 | 4 | _aDISh |
| 100 | 1 |
_aDisney, _96281 |
|
| 245 | 1 | 0 | _aHercules |
| 260 |
_aBogotá : _bNorma, _c1997 |
||
| 300 | _a24 p : il | ||
| 490 | _aClásicos dorados | ||
| 650 | 1 | 4 |
_aCUENTOS INFANTILES _92743 |
| 942 |
_2ddc _cBK |
||
| 999 |
_c14956 _d14956 |
||